• 首页
  • 本馆介绍
  • 公告通知
  • 最新文献
  • 馆藏检索
  • 电子资源
  • 读者导购
  • 参考咨询
  • 我的图书馆
  • 登录
  • 详细信息显示
  • 放入我的书架
  • 预约/预借图书
  • 作者相关作品
  • 分类相关作品
  • 丛书相关作品
  • 出版社相关作品

书目信息

  • 表格格式
  • 工作单格式
  • 卡片格式
题名:
细胞实验指南
    
 
作者: 斯佩克特 著 ;黄培堂 译
分册: 上册  
出版信息: 北京   科学出版社  2001
页数: 659页
开本: 26cm
丛书名:
单 册:
中图分类: Q2-33
科图分类:
主题词: 细胞学--实验 , 细胞学--技术
电子资源:
ISBN: 7-03-007598-6
000 00678nam0 2200217 450
001 0554294235
005 20051020163723.89
010    @a7-03-007598-6@dCNY110.00
100    @a20051020d2001 km y0chiy0120 ea
101 0  @achi
102    @aCN@b110000
200 1  @a细胞实验指南@Axi bao shi yan zhi nan@h上册@f(美)D·L·斯佩克特等著@F(mei)D·L·si pei ke te deng zhu@g黄培堂等译@Ghuang pei tang deng yi
210    @a北京@c科学出版社@d2001
215 1  @a659页@d26cm
606 0  @a细胞学@x实验
606 0  @a细胞学@x技术
690    @aQ2-33@v4
701  0 @a斯佩克特@Asi pei ke te@4著
702  0 @a黄培堂@Ahuang pei tang@4译
801  0 @aCN@bPFT@c20051020
905    @a10447@dQ2-33@e19:1
    
    细胞实验指南.上册/(美)D·L·斯佩克特等著/黄培堂等译.-北京:科学出版社,2001
    659页;26cm
    
    
    ISBN 7-03-007598-6:CNY110.00
    
●
相关链接 在E读中查询图书 在五车中查询图书 在当当中查询图书 在豆瓣中查询图书


正题名:细胞实验指南     索取号:Q2-33/19:1         预约/预借

序号 登录号 条形码 馆藏地/架位号 状态 备注
1 0349103   203491033   第二样本阅览室/ [索取号:Q2-33/19:1] 在馆    
2 0349104   203491042   第三借阅区/ [索取号:Q2-33/19:1] 在馆    
唐山师范学院图书馆 欢迎您!
大连网信软件有限公司© 版权所有